000 01330nam a22002057a 4500
008 251120b |||||||| |||| 00| 0 eng d
020 _a9781250330260
040 _ctbs
041 _aeng
050 _aPS3616.I579
_bH38 2024
100 _aPinsker, Sarah
_926556
_eauthor
245 _aHaunt sweet home
_c/ Sarah Pinsker.
260 _aNew York, NY :
_bTordotcom, Tor Publishing Group,
_c2024.
300 _a163 pages ;
_c21 cm.
520 _a “Don’t talk to day about what we do at night.” When aimless twenty-something Mara lands a job as the night-shift production assistant on her cousin’s ghost hunting/home makeover reality TV show Haunt Sweet Home, she quickly determines her new role will require a healthy attitude toward duplicity. But as she hides fog machines in the woods and improvises scares to spook new homeowners, a series of unnerving incidents on set and a creepy new coworker force Mara to confront whether the person she's truly been deceiving and hiding from all along—is herself. Eerie and empathetic, Haunt Sweet Home is a multifaceted, supernatural exploration of finding your own way into adulthood, and into yourself.
650 0 _aHaunted houses
_vFiction
_925447
650 0 _aReality television programs
_vFiction
_926557
655 0 _aParanormal fiction
_922925
942 _2lcc
999 _c5193
_d5193